000
00253nam a2200097Ia 4500
001
765850
005
20250826165330.0
008
250824s9999 xx 000 0 und d
245
0
_a
BLOG SAVAŞLARI
_c
YASEMİN DERYA AKA
260
_b
ÇOCUK GEZEGENİ YAYINLARI
999
_c
765850
_d
765850